00318nam a2200145Ia 4500100002000000650002400020250000600044366000700050654002500057245002500082260002800107082001700135300000800152546001200160 aFloyd/Thomas L  aDigital electronics a8 f25 adigital fundamentals aDigital Fundamentals bPearson Educationc2006 a621.381bFLO a582 aENGLISH